Las conferencias mundiales:formulación de prioridades para el siglo XXI

Đã lưu trong:
Chi tiết về thư mục
Tác giả của công ty: Departamento de Información Pública de las Naciones Unidas (Tác giả)
Định dạng: Sách
Ngôn ngữ:Tiếng Tây Ban Nha
Được phát hành: Santiago Naciones Unidas 1997
Loạt:Documentos de Información de las Naciones Unidas
Những chủ đề:
Các nhãn: Thêm thẻ
Không có thẻ, Là người đầu tiên thẻ bản ghi này!

MARC

LEADER 00000nam a2200000 a 4500
001 UCR6866
003 CL-VaPUC
008 980424e19970000CL |||||||||||||||||spa|d
082 0 4 |a 060.68  |b DEP  |2 21 
110 2 |a Departamento de Información Pública de las Naciones Unidas  |e author  |9 408057 
245 1 4 |a Las conferencias mundiales:formulación de prioridades para el siglo XXI 
300 |a 115 p 
942 |c BK 
945 |d 19980424 00:00:00  |a rbrito 
260 |a Santiago  |b Naciones Unidas  |c 1997 
650 7 |a CONFERENCIAS INTERNACIONALES  |2 CL-VaPUC  |9 388521 
583 |a last modification  |c 19980424 00:00:00  |k Rodrigo Vera 
490 0 |a Documentos de Información de las Naciones Unidas 
999 |c 268770  |d 268768 
952 |0 0  |1 0  |4 0  |6 060_680000000000000_DEP_1997  |7 0  |8 A  |9 302093  |a BIBDER  |b BIBDER  |d 2019-11-20  |i 3409562  |o 060.68 DEP 1997  |p 3409562  |r 2023-01-25  |w 2019-11-20  |y BK  |k DER